| 000 | 00632cam a22002172 4500 | ||
|---|---|---|---|
| 001 | 0000003077 | ||
| 005 | 20151021151100.0 | ||
| 008 | 070426s xx 000 0 eng d | ||
| 020 |
_a8121910218 : _cKES 400 |
||
| 040 |
_aKABU _cKABU |
||
| 050 | 0 |
_aHG8051 _b.M57 2010 |
|
| 100 | 1 |
_aMishra, M. N. _@0000161193 |
|
| 245 | 1 | 0 |
_aInsurance : _bprinciples and practice / _cM. N. Mishra S. B. Mishra. |
| 250 | _a7th ed. | ||
| 260 |
_aNew Delhi : _bS. Chand, _c2010. |
||
| 300 | _aviii, 767 p. | ||
| 650 | 0 |
_aInsurance. _@0000152709 |
|
| 908 | _a070426 | ||
| 950 | _@1 | ||
| 999 |
_c465 _d465 |
||